Elly : (Record no. 2496)

MARC details
000 -LEADER
fixed length control field 01293cam a2200313 a 4500
005 - DATE AND TIME OF LATEST TRANSACTION
control field 20231212161026.0
020 ## - INTERNATIONAL STANDARD BOOK NUMBER
International Standard Book Number 9780545074940
020 ## - INTERNATIONAL STANDARD BOOK NUMBER
International Standard Book Number 9780439020084
040 ## - CATALOGING SOURCE
Original cataloging agency DLC
Transcribing agency DLC
Modifying agency DLC
Language of cataloging eng
050 00 - LIBRARY OF CONGRESS CALL NUMBER
Classification number DS135.R73
Item number G773 2009
082 00 - DEWEY DECIMAL CLASSIFICATION NUMBER
Classification number 940.53/18092
-- B
Edition number 23
100 1# - MAIN ENTRY--PERSONAL NAME
Personal name Gross, Elly Berkovits
Dates associated with a name 1929-
245 10 - TITLE STATEMENT
Title Elly :
Remainder of title my true story of the Holocaust /
Statement of responsibility, etc. Elly Berkovits Gross
250 ## - EDITION STATEMENT
Edition statement First Scholastic printing, September 2007
260 ## - PUBLICATION, DISTRIBUTION, ETC.
Place of publication, distribution, etc. New York :
Name of publisher, distributor, etc. Scholastic,
Date of publication, distribution, etc. 2009
300 ## - PHYSICAL DESCRIPTION
Extent 109 pages :
Other physical details illustrations ;
Dimensions 20 cm
500 ## - GENERAL NOTE
General note "Originally published in part as Storm against the innocents"--T.p. verso.
505 ## - FORMATTED CONTENTS NOTE
Formatted contents note P
520 ## - SUMMARY, ETC.
Summary, etc. Relates how the author was torn from her happy home and sent to Birkenau by the Nazis, describing how she worked long hours and fought for survival before being set free at the end of the war and beginning a new life in America.
521 ## - TARGET AUDIENCE NOTE
Target audience note 730
Source Lexile
521 ## - TARGET AUDIENCE NOTE
Target audience note P
Source Raz-Plus
650 #0 - SUBJECT ADDED ENTRY--TOPICAL TERM
Topical term or geographic name entry element Jews
Geographic subdivision Romania
-- Simleul-Silvaniei
Form subdivision Biography.
650 #0 - SUBJECT ADDED ENTRY--TOPICAL TERM
Topical term or geographic name entry element Holocaust, Jewish (1939-1945)
Form subdivision Personal narratives.
650 #0 - SUBJECT ADDED ENTRY--TOPICAL TERM
Topical term or geographic name entry element Holocaust, Jewish (1939-1945)
Form subdivision Poetry.
700 1# - ADDED ENTRY--PERSONAL NAME
Personal name Gross, Elly
Dates associated with a name 1929-
Title of a work Storm against the innocents.
906 ## - LOCAL DATA ELEMENT F, LDF (RLIN)
a 7
b cbc
c origcop
d 2
e ncip
f 20
g y-gencatlg
942 ## - ADDED ENTRY ELEMENTS (KOHA)
Source of classification or shelving scheme Dewey Decimal Classification
Koha item type Books
Suppress in OPAC No
999 ## -
-- 2496
-- 2496
Holdings
Withdrawn status Lost status Source of classification or shelving scheme Damaged status Not for loan Collection Home library Current library Shelving location Date acquired Total Checkouts Full call number Barcode Date last seen Date last checked out Price effective from Koha item type
    Dewey Decimal Classification     Non-Fiction Footprints International School Library Network Toul Kork Campus Footprints International School Library Network Toul Kork Campus   12/12/2023 1 GRO 940.53/18092 DS135.R73 FISSE01432 04/23/2025 01/05/2024 12/12/2023 Books